000 00760nam a22002297a 4500
003 OSt
005 20220922203933.0
008 220922b |||||||| |||| 00| 0 eng d
020 _a84-88006-88-8
040 _cBiblioteca Lado V
082 _a750
_bC156h
100 _aCallas Peter
_eartista
245 _aHeterosis: Arte Digital desde Australia/
260 _aCosta Rica
_bConde Duque, Centro Cultural
_c2002
300 _a79p.
_c24x28cm
650 _2Tesauro de Arte & Arquitectura
_aARTE DIGITAL
650 _2Tesauro de Arte & Arquitectura
_aARTE VISUAL
650 _2Tesauro de Arte & Arquitectura
_aAUSTRALIA
700 _aPiccinini, Patricia
_eartista
700 _aVelonaki, Mari
_eartista
942 _2ddc
_c1
_h750
_iC156h
_n0
999 _c2119
_d2119